100 Biggest Cities of Oman on a Map - Statistics

General Stats
  • This quiz has been taken 59 times
  • The average score is 6 of 100
Answers on the Map
Answers color-coded by a green-red scale on the quiz's map according to % correct below.
 
Answer Stats
Population City % Correct
24,099 Muscat
96%
293,962 Salalah
71%
470,878 Seeb
39%
219,264 Sohar
32%
83,763 Sur
32%
64,599 Nizwa
29%
362,523 Bawshar
18%
7,814 Hayma
18%
55,419 Ibri
18%
230,881 Matrah
18%
29,599 Ibra
14%
21,651 Khasab
14%
96,384 Al-Amrat
11%
92,223 Al-Buraymi
11%
39,576 Bahla
11%
36,427 Barka
11%
7,672 Bidbid
11%
14,755 Fanja
11%
23,159 Izki
11%
12,553 Manah
11%
29,691 Samail
11%
14,035 Al-Hamra
7%
5,508 Al-Mazyunah
7%
12,089 Ar-Rumays
7%
45,367 Ar-Rustaq
7%
18,321 Liwa
7%
15,580 Nakhal
7%
31,325 Qurayyat
7%
19,643 Sinaw
7%
12,538 Taqah
7%
18,654 Adam
4%
9,827 Al-Araqi
4%
13,199 Al-Ashkharah
4%
10,929 Al-Awabi
4%
30,853 Al-Kamil wal-Wafi
4%
63,750 Al-Khaburah
4%
15,430 Al-Mudaybi
4%
16,387 Al-Muladdah
4%
10,809 Al-Musanaah
4%
60,868 As-Suwayq
4%
9,863 Daba
4%
5,633 Daghmar
4%
6,752 Hayy at-Turath
4%
5,612 Hubra
4%
66,284 Jaalan Bani Bu Ali
4%
34,466 Jalan Bani Buhassan
4%
9,886 Mirbat
4%
23,923 Saham
4%
9,720 Shinas
4%
12,805 Wadi Say
4%
12,241 Yanqul
4%
6,823 Abu Abali as-Sahil
0%
11,037 Ad-Dariz
0%
6,064 Al-Aqur
0%
14,106 Al-Bidayah
0%
7,111 Al-Ghalil
0%
7,260 Al-Ghurayfah
0%
5,984 Al-Hamliyah
0%
6,640 Al-Harm
0%
10,058 Al-Huwayl
0%
6,588 Al-Jinaynah
0%
5,694 Al-Maghsar
0%
25,683 Al-Mintarib
0%
5,574 Al-Yahmadi
0%
7,529 Anjarti
0%
5,375 | 5,463 Ar-Raddah
0%
14,974 Ash-Shakhakhit
0%
7,588 As-Sawadi as-Sahil
0%
15,671 As-Sawmhan
0%
8,975 As-Subaykhi
0%
12,822 As-Suwaydifi
0%
5,427 At-Turayf
0%
11,218 Az-Zahyah
0%
5,359 Barr Buwayrah
0%
9,828 Birkat al-Mawz
0%
5,880 Bisya
0%
13,279 Dank
0%
10,426 Dil al-Abd as-Salam
0%
6,986 Diyan al-Bawarih
0%
11,637 Diyan al-Bu Said
0%
6,225 Falaj al-Mashayikh
0%
5,561 Ghadfan
0%
6,774 Hafit
0%
5,816 Hassas
0%
7,366 Hijj
0%
12,217 Hilf
0%
8,863 Khadra al-Burishid
0%
36,271 Khadra al-Saad
0%
6,993 Lizugh
0%
6,953 Maqaisah
0%
5,461 Maqniyat
0%
5,399 Mazari al-Uqdah
0%
5,939 Mazra al-Hurth
0%
13,060 Mikhaylif
0%
22,273 Murtafaat Saham
0%
9,398 Samad ash-Shan
0%
10,552 Thumrayt
0%
7,177 Wudam al-Ghaf
0%
7,457 Wudam as-Sahil
0%
No matching quizzes found
Score Distribution
Percent of People with Each Score
Percentile by Number Answered
Your Score History
You have not taken this quiz